000 00512nam a2200181Ia 4500
008 090123s9999 xx 000 0 und d
082 _b8262
100 _aसाने शुभदा
245 _aचित्रांगण
250 _a1
260 _bप्रपंच प्रकाशन
300 _a100
600 _aसाने शुभदा
630 _aचित्रांगण
700 _aसाने शुभदा
730 _aचित्रांगण
942 _cBOOK
999 _c46328
_d46328